Selected papers from the 3rd Shanghai International Library Forum (Record no. 139285)
[ view plain ]
| 000 -LEADER | |
|---|---|
| fixed length control field | 01470nam a2200337 a 4500 |
| 245 10 - TITLE STATEMENT | |
| Title | Selected papers from the 3rd Shanghai International Library Forum |
| 260 ## - PUBLICATION, DISTRIBUTION, ETC. (IMPRINT) | |
| Place of publication | [Bradford, England] : |
| Name of publisher | Emerald, |
| Year of publication | 2007. |
| 300 ## - PHYSICAL DESCRIPTION | |
| Number of Pages | 108 p. |
| 490 1# - SERIES STATEMENT | |
| Series statement | Library management (Bradford, England), |
| Series statement | Management innovation and library services ; |
| 650 #0 - SUBJECT ADDED ENTRY--TOPICAL TERM | |
| Topical Term | Library science |
| Topical Term | Information science |
| 700 1# - ADDED ENTRY--PERSONAL NAME | |
| Personal name | O'Connor, Stephen. |
| 856 40 - ELECTRONIC LOCATION AND ACCESS | |
| Uniform Resource Identifier | http://site.ebrary.com/lib/rucke/Doc?id=10172263 |
No items available.
